000 00493nam a2200157Ia 4500
008 160316s2005 xxu||||| |||| 00| 0 eng d
082 _a344.012300
_bRAO
100 _aRao S B
245 _aLaw and practice on minimum wages : A commentary on minimum wages act, 1948
250 _a2nd rev
260 _aAllahabad
_bLaw Publishing House
_c2005
300 _a258p
_b
_cxiv
365 _b Rs.300
650 _a1. Labour Law - Minimum Wages 2. Minimum Wages Act, 1948 - Commentary
700 _a
_a
999 _c22267
_d22267